skbl

Dr Suryya Kumar Bhuyan Library Web-OPAC
ডঃ সূৰ্য্য
কুমাৰ ভূঞা পুথিভঁৰাল ৱেব-অ'পেক

All Research Scholars are advised to clear the annual library fees to continue using Library Resources, Remote Access, Plagiarism Test and Library Clearance.

Cotton University Book Fair 2026

The British Constitution / (Record no. 7403)

MARC details
000 -LEADER
fixed length control field 00890nam a2200337Ia 4500
001 - CONTROL NUMBER
control field 7416
005 - DATE AND TIME OF LATEST TRANSACTION
control field 20240113234014.0
007 - PHYSICAL DESCRIPTION FIXED FIELD--GENERAL INFORMATION
fixed length control field ta
008 - FIXED-LENGTH DATA ELEMENTS--GENERAL INFORMATION
fixed length control field 050705s1977 g b000 u 465 u
020 ## - INTERNATIONAL STANDARD BOOK NUMBER
International Standard Book Number 0 333 32697 0
040 ## - CATALOGING SOURCE
Original cataloging agency Cotton College,Assam
041 ## - LANGUAGE CODE
Language code of text/sound track or separate title 465
082 ## - DEWEY DECIMAL CLASSIFICATION NUMBER
Classification number 342.942
Item number H 262 B
100 ## - MAIN ENTRY--PERSONAL NAME
Personal name Harvey, J. .
245 #0 - TITLE STATEMENT
Title The British Constitution /
Statement of responsibility, etc. J. Harvey, L. Bather.
Medium Textual Documents
250 ## - EDITION STATEMENT
Edition statement 4th ed. /
260 ## - PUBLICATION, DISTRIBUTION, ETC.
Place of publication, distribution, etc. London :
Name of publisher, distributor, etc. Macmillan Education Ltd. ,
Date of publication, distribution, etc. 1977.
300 ## - PHYSICAL DESCRIPTION
Extent xii, 448p. ;
Dimensions 22cm.
504 ## - BIBLIOGRAPHY, ETC. NOTE
Bibliography, etc. note Bib, Index
653 ## - INDEX TERM--UNCONTROLLED
Uncontrolled term Political Science
653 ## - INDEX TERM--UNCONTROLLED
Uncontrolled term Constitution-British
653 ## - INDEX TERM--UNCONTROLLED
Uncontrolled term Politics-British
653 ## - INDEX TERM--UNCONTROLLED
Uncontrolled term British Constitution
653 ## - INDEX TERM--UNCONTROLLED
Uncontrolled term PG-Political Science
653 ## - INDEX TERM--UNCONTROLLED
Uncontrolled term G-Economics
700 ## - ADDED ENTRY--PERSONAL NAME
Personal name Bather, L. .
942 ## - ADDED ENTRY ELEMENTS (KOHA)
Source of classification or shelving scheme Dewey Decimal Classification
Koha item type Books
Holdings
Withdrawn status Lost status Damaged status Not for loan Collection Home library Current library Date acquired Coded location qualifier Total checkouts Full call number Barcode Date last seen Copy number Price effective from Koha item type
          Dr. Suryya Kumar Bhuyan Library Dr. Suryya Kumar Bhuyan Library 01/02/2012 00000   342.942 H 262 B 80110 13/01/2024 1 01/02/2012 Books
          Dr. Suryya Kumar Bhuyan Library Dr. Suryya Kumar Bhuyan Library 01/02/2012 00000   342.942 H 262 B 74923 13/01/2024 2 01/02/2012 Books

Designed and Maintained by Team SKBL
©1901-2026

Powered by Koha